|
|
|
|
| LEADER |
00000nab a2200000 a 4500 |
| 001 |
vtls000880407 |
| 003 |
SK-MaSNL |
| 005 |
20260304131958.0 |
| 008 |
250429c2004 xo 0 slo |
| 015 |
|
|
|a SNBRB2004/08-23828
|
| 035 |
|
|
|a CLN000231941
|
| 035 |
|
|
|a urn:nbn:sk:snk-ab2kj5
|
| 035 |
|
|
|a (urnnbn)urn:nbn:sk:snk:ar-a02kho
|
| 035 |
|
|
|a (uuid)1749363f-11fa-4261-95a1-5c25bf351eaf
|
| 040 |
|
|
|a SNKBUCL
|b slo
|c SNKBUCL
|e AACR2
|
| 041 |
0 |
|
|a slo
|
| 044 |
|
|
|a xo
|c SK
|
| 080 |
|
|
|a 615.322:633.88
|2 1997
|
| 100 |
1 |
|
|a Gromová, Vladimíra
|4 aut
|9 1402591
|
| 245 |
1 |
0 |
|a Športovci v spálni
|c Vladimíra Gromová
|
| 300 |
|
|
|b Obr.
|
| 650 |
0 |
7 |
|a extrakty rastlinné
|2 MESH
|9 1226420
|
| 650 |
0 |
7 |
|a Tribulus
|2 MESH
|9 1446205
|
| 650 |
0 |
7 |
|a sexualita
|x účinky liekov
|2 MESH
|9 1432928
|
| 650 |
0 |
7 |
|a účinky farmakologické
|2 MESH
|9 871294
|
| 650 |
0 |
7 |
|a sval kostrový
|x účinky liekov
|2 MESH
|9 1446206
|
| 655 |
|
7 |
|a články z novín a časopisov
|2 snkbucl
|9 267496
|
| 773 |
0 |
|
|t Lekárnik
|g Roč. 9, č. 7 (2004), s. 49
|x 1335-924X
|
| 850 |
|
|
|a Slovenská národná knižnica
|
| 852 |
|
|
|a Slovenská národná knižnica
|
| 954 |
|
|
|a odborná, vedecká literatúra pôvodná (slovenská)
|2 lita
|
| 958 |
|
|
|a article27
|
| 958 |
|
|
|a OND
|
| 958 |
|
|
|a MI
|
| 958 |
|
|
|a EUIPO
|
| 992 |
|
|
|a RBX
|
| 999 |
|
|
|c 2898070
|d 2900000
|